| 000 | 00907nam a22001817a 4500 | ||
|---|---|---|---|
| 999 |
_c59139 _d59139 |
||
| 003 | Ge_BSU | ||
| 005 | 20221130113308.0 | ||
| 008 | 221130s1971ge xxu||||| |||| 00| 0 geo d | ||
| 041 | _ageo | ||
| 080 | _a81'374.822=161.1=353.1ჩ-84 | ||
| 100 |
_aჩუბინაშვილი, ნიკო, ავტორი. _916232 |
||
| 245 |
_aრუსულ-ქართული ლექსიკონი. _bტ. 1, A - H / _cნიკო ჩუბინიშვილი ; ალ. ღლონტის რედაქციითა და წინასიტყვაობით. |
||
| 264 |
_aთბილისი : _bსაბჭოთა საქართველო, _c1971. |
||
| 300 |
_a631 გვ. _b25 სმ. |
||
| 653 | _aრუსულ-ქართული ლექსიკონები. | ||
| 700 |
_aღლონტი, ა _eრედაქტორი _916233 |
||
| 942 |
_2udc _cBK |
||